000 00601nam a22001577a 4500
008 160416b xxu||||| |||| 00| 0 eng d
082 _22007
_aUT 0093
_bL31
100 _95851
_aLaput, Jean Maureen B.
245 _aFactors affecting the health condition and nutritional status of children in Ebreo Village/
_cJean Maureen B. Laput, Irish May V. Relatores and Pee Jay.
260 _aDigos City:
_bUMDC
_cOctober 2007.
300 _a41 pages;
_c28 cm.
650 0 _95852
_aNursing
_yUndergraduate thesis.
700 _95853
_aRelatores, Irish May V.
700 _95854
_aAlvarado, Pee Jay.
942 _2ddc
_cUT
999 _c1841
_d1841